00193nam a2200073Ia 4500008004100000100002400041245003000065260002400095170524s9999 xx 000 0 und d aPANT- NAVIN CHANDRA 0aMudran ke Takniki Sidhant bN DELHI TAKSHSHILA